000 01024nas a2200277Ia 4500
001 A01/R002-44426
003 IT-MiCISF
008 161014c99999999xx |||||||||||| ||und||
040 _aIT-MiCISF
_cIT-MiCISF
041 _aINGLESE
100 _aSpencer Bernadette
210 _aFamily Process
222 _aFamily Process
240 _aFusion or Internalized Homophobia? A Pilot Study of Bowen's Differentiation of Self Hypothesis with Lesbian Couples
245 0 _aFusion or Internalized Homophobia? A Pilot Study of Bowen's Differentiation of Self Hypothesis with Lesbian Couples
250 _a1a ed.
260 _c2007
501 _bCISF - Centro Internazionale Studi Famiglia - Via Giotto, 36 20145 MILANO (non commercial uses only)
_cCopyright 2016
300 _app. 257-268
362 _an. 2, giugno [2007]
500 _a Tema: omosessualità, differenza-sessuale, comportamento-sessuale
650 _asessualità
_varticolo
700 _a Brown Jac
942 _cCR
957 _71
999 _a44426
_bSi
_g1
_c233541
_d233541